000 00310nam a22001337a 4500
008 170704b xxu||||| |||| 00| 0 eng d
020 _a076714003958
041 _aeng
080 _a82
100 _a22
101 _aGJL
245 _aTHE QUICK & EASY WAY TO EFFECTIVE SPEAKING
_cCARNEGIE,D
942 _2udc
_cBK
999 _c19893
_d19893